000 00873cab a2200253 4500
001 WB3443-01
008 090401t1998 xxu||||| |||| 00| 0 eng d
035 _a(Sirsi) u89613
041 _aeng
245 _aRICS and CLA launch new mediation service
260 _c1998
350 _a0
490 _aRICS Press Release
_vpr131, 11 November 1998 (2)
520 _aRICS and CLA have launched a new mediation service, designed as an alternative to litigation. It aims to provide a low-cost simple procedure to resolve compulsory purchase land disputes.
650 _aCLA
650 _aCOMPULSORY PURCHASE DISPUTES
650 _aLANDOWNERS
650 _aMEDIATION
650 _aRICS
650 _aSURVEYORS
690 _aMANAGEMENT-DISPUTE AVOIDANCE, MANAGEMENT AND RESOLUTION-DISPUTE MANAGEMENT AND RESOLUTION-ARBITRATION
942 _n0
948 _c11/11/1998
999 _c56722
_d56722